• 首页
  • 本馆介绍
  • 公告通知
  • 最新文献
  • 馆藏检索
  • 电子资源
  • 读者导购
  • 参考咨询
  • 我的图书馆
  • 登录
  • 详细信息显示
  • 放入我的书架
  • 预约/预借图书
  • 作者相关作品
  • 分类相关作品
  • 丛书相关作品
  • 出版社相关作品

书目信息

  • 表格格式
  • 工作单格式
  • 卡片格式
题名:
犹太人与现代资本主义
    
 
作者: 桑巴特 著 ;艾仁贵 译
分册:  
出版信息: 上海   上海三联书店  2015
页数: 13,319页
开本: 23cm
丛书名: 上海三联人文经典书库
单 册:
中图分类: K18 , D091.5
科图分类:
主题词: 犹太人--you tai ren--关系--资本主义--研究
电子资源:
ISBN: 978-7-5426-5425-0
000 01230nam0 22003131 450
001 0120082122
005 20170320082122.0
010    @a978-7-5426-5425-0@dCNY48.00
100    @a20160419d2015 em y0chiy50 ea
101 1  @achi@beng@cger
102    @aCN@b310000
105    @ay z 001yy
106    @ar
200 1  @a犹太人与现代资本主义@9you tai ren yu xian dai zi ben zhu yi@dThe Jews and modern capitalism@f(德)维尔纳·桑巴特著@g艾仁贵译@zeng
210    @a上海@c上海三联书店@d2015
215    @a13,319页@d23cm
225 2  @a上海三联人文经典书库@9shang hai san lian ren wen jing dian shu ku@v76
300    @a国家出版基金项目 “十二五”国家重点图书出版规划项目
305    @a本书根据纽约科利尔图书公司1962年版M. Esptein译本译出
330    @a本书共分三篇,内容包括:犹太人对现代经济生活的贡献、犹太人的现代资本主义才能、犹太精神的起源。
461  0 @12001 @a上海三联人文经典书库
510 1  @aJews and modern capitalism@zeng
606 0  @a犹太人@9you tai ren@x关系@x资本主义@x研究
690    @aK18@v5
690    @aD091.5@v5
701  0 @c(德)@a桑巴特@9sang ba te@c(Sombart, Werner@f1863~1941)@4著
702  0 @a艾仁贵@9ai ren gui@f(1987~)@4译
801  0 @aCN@bTANGWEI@c20170308
905    @b0956204-7@dK18@e222@f4
    
    犹太人与现代资本主义=The Jews and modern capitalism/(德)维尔纳·桑巴特著/艾仁贵译.-上海:上海三联书店,2015
    13,319页;23cm.-(上海三联人文经典书库;76)
    国家出版基金项目 “十二五”国家重点图书出版规划项目
    
    ISBN 978-7-5426-5425-0:CNY48.00
    本书共分三篇,内容包括:犹太人对现代经济生活的贡献、犹太人的现代资本主义才能、犹太精神的起源。
●
相关链接 在E读中查询图书 在五车中查询图书 在当当中查询图书 在豆瓣中查询图书


正题名:犹太人与现代资本主义     索取号:K18/222         预约/预借

序号 登录号 条形码 馆藏地/架位号 状态 备注
1 0956204   209562043   第二样本阅览室/ [索取号:K18/222] 在馆    
2 0956205   209562052   第二借阅区/ [索取号:K18/222] 在馆    
3 0956206   209562061   第二借阅区/ [索取号:K18/222] 在馆    
4 0956207   209562070   第二借阅区/ [索取号:K18/222] 在馆    
唐山师范学院图书馆 欢迎您!
大连网信软件有限公司© 版权所有